000 00676nam a22002297a 4500
005 20251108173106.0
008 250721s2004 xx 000 0 ara d
082 1 4 _a613.25/فضة
100 1 _aفضة، وفاء منذر
245 1 0 _aالمرشد لرشاقتك بعد الولادة /
264 1 _aعمان :
_bمكتبة المجتمع العربي،
_c2004.
300 _a220ص.
650 1 7 _aالمرأة
650 1 7 _aالولادة
650 1 7 _aالصحة العامة
650 1 7 _aالأطعمة الصحية
650 1 7 _aرعاية الأمومة
650 1 7 _aالريجيم
650 1 7 _aنقص الوزن
942 _2ddc
_cBK
999 _c95846
_d95846